| 000 | 00379nam a2200181Ia 4500 | ||
|---|---|---|---|
| 001 | 12871 | ||
| 003 | GE_BSU | ||
| 008 | 181216s||||||||xx |||||||||||||| ||und|| | ||
| 020 | _a0141006501 | ||
| 040 | _cGE_BSU | ||
| 080 | _a821.111-32 | ||
| 100 | _aFrench,Nicci. | ||
| 245 | _aLand of the Living. | ||
| 260 | _aLondon. | ||
| 260 | _c2002 | ||
| 300 | _a377p;18cm. | ||
| 942 | _cBK | ||
| 999 |
_c46041 _d46041 |
||